00457nam a2200181Ia 4500008004100000041000800041082002100049100001800070245004600088260004200134300000800176365000700184500001400191501000800205520000700213650003600220999001900256230725s2002 xx 000 0 und d aeng a315.321bCRA/SIM aCRAKER, SIMON aHERBS SPICES AND MEDICINAL PLANTS VOL.III bC.B.S. PUBLISHERS & DISTRUTORS c2002 a220 h23 aTEXT BOOK aPGY aPB aPHARMACOGNOSY & PHYTHOCHEMISTRY c768177d768177